NBA Legends on "Other" Teams - Statistics

General Stats
  • This quiz has been taken 230 times
  • The average score is 12 of 16
Answer Stats
Picture Answer % Correct
Michael Jordan
100%
Shaquille O'Neal
98%
Jason Kidd
95%
Hakeem Olajuwon
94%
Karl Malone
92%
Dennis Rodman
91%
Charles Barkley
90%
Vince Carter
88%
Tony Parker
86%
Paul Pierce
80%
Patrick Ewing
76%
Tracy McGrady
73%
George Gervin
51%
Robert Parish
51%
Moses Malone
46%
Dominique Wilkins
39%
No matching quizzes found
Score Distribution
Percent of People with Each Score
Percentile by Number Answered
Your Score History
You have not taken this quiz